000
00268nam a22001097a 4500
082
_a
657 BAU'E
100
_a
BAUER, ROYEL D. M,DARBY, PAUL HOLLAND
_9
58601
245
_a
ELEMENTARY ACCOUNTING
260
_a
NEWYORK
_b
BARNES & NOBLE
_c
1952
300
_a
221P
942
_c
BK
999
_c
568764
_d
568764